Aktivity mimovládnych organizácií pred parlamentnými voľbami 2002
Salvato in:
| Altri autori: | , , |
|---|---|
| Natura: | Libro |
| Lingua: | slovacco |
| Pubblicazione: |
Bratislava
SAIA-SCTS
2002
|
| Edizione: | 1. vyd. |
| Soggetti: | |
| Tags: |
Nessun Tag, puoi essere il primo ad aggiungerne!!
|
MARC
| LEADER | 00000nam a2200000 4500 | ||
|---|---|---|---|
| 001 | 0226617 | ||
| 005 | 20240502073730.3 | ||
| 020 | |a 80-88928-53-2 | ||
| 041 | 0 | |a slo | |
| 044 | |a SK | ||
| 245 | 1 | 0 | |a Aktivity mimovládnych organizácií pred parlamentnými voľbami 2002 |c zostavili: Katarína Košťálová, Boris Mattoš, Marta Síkeľová |
| 250 | |a 1. vyd. | ||
| 264 | 1 | |a Bratislava |b SAIA-SCTS |c 2002 | |
| 300 | |a 52 s. | ||
| 610 | 2 | 0 | |a organizácie nevládne |
| 610 | 2 | 0 | |a organizácie neziskové |
| 610 | 2 | 0 | |a voľby |
| 610 | 2 | 0 | |a projekty |
| 700 | 1 | |a Košťálová, Katarína | |
| 700 | 1 | |a Mattoš, Boris, 1977- | |
| 700 | 1 | |a Síkeľová, Marta | |